| 000 | 01517nam a2200349 c 4500 | ||
|---|---|---|---|
| 003 | BLK | ||
| 005 | 20180422115333.0 | ||
| 008 | 180411b bul|||||r ||||||| ||bul|| | ||
| 010 | _aKNG00193207000 | ||
| 040 | _aBLK | ||
| 041 |
_aBUL _cBUL |
||
| 080 |
_aПаметници на културата на историческите периоди. Археологическите паметници. Старини _b904 _x(497.2) _z904(497.2) |
||
| 100 | 1 |
_aГетов, Людмил Стефанов _eпърви автор _9378651 |
|
| 700 | 1 |
_aМаркова, Лоте Карл _eпрев. _9379208 |
|
| 139 |
_aГетов, Людмил Стефанов _bГ 43 |
||
| 245 | 1 | 0 |
_aМъглижката гробница _bНаучнопопул. студия _cЛюдмил Стефанов Гетов; прев. Лоте Карл Маркова. |
| 257 | _aBGR | ||
| 260 |
_аСофия _bБълг. художник _c1988 |
||
| 300 |
_a48 с. _bс ил. _c21 см |
||
| 380 | _a9 | ||
| 490 | 1 | _aПаметници на културата | |
| 500 | _aРез. на нем. ез. / Прев. Лоте Маркова. - 1 320 тир. | ||
| 650 | 4 |
_aНекрополи - България _9248291 |
|
| 650 | 4 |
_aАрхеологически паметници - България _9244116 |
|
| 650 | 4 |
_aМъглиж - история _9163110 |
|
| 651 | 4 |
_aМъглиж _9179249 |
|
| 852 | _aЦб 154140 | ||
| 856 | 4 |
_qpdf _u |
|
| 856 | 4 |
_qpdf _u |
|
| 942 |
_cKNG _n0 |
||
| 944 |
_aCR _c14.10.2016 _kКина_Георгиева |
||
| 944 |
_aED _c14.10.2016 _kКина_Георгиева |
||
| 999 |
_c184254 _d184254 |
||